Office Excel 2007 : langkah-demi-langkah
| Main Author: | |
|---|---|
| Other Authors: | |
| Format: | Book |
| Published: |
Selangor :
Venton Publishing ,
2007
|
| Subjects: |
MARC
| LEADER | 00000cam a2200000 7i4500 | ||
|---|---|---|---|
| 001 | 0000015759 | ||
| 005 | 20080410.0 | ||
| 008 | 080410 | ||
| 020 | |a 9833526802 | ||
| 090 | 0 | 0 | |a 005.54 |b ISK |
| 100 | 0 | |a Iskandar Ab. Rashid | |
| 245 | 1 | 0 | |a Office Excel 2007 : |b langkah-demi-langkah |c Iskandar Ab. Rashid, Zaitun Ismail |
| 260 | |a Selangor : |b Venton Publishing , |c 2007 | ||
| 650 | 0 | |a Electronic spreadsheets | |
| 650 | 0 | |a Microsoft Excel (Computer file) | |
| 700 | 0 | |a Zaitun Ismail | |
| 999 | |a 0001018439 |b Book |c Adult Collection |e Perbadanan Perpustakaan Awam Johor | ||